Desarrollo de instalaciones eléctricas de distribución: adaptado al nuevo RBT, BOE 2002

I tiakina i:
Ngā taipitopito rārangi puna kōrero
Kaituhi matua: Trashorras Montecelos, Jesús
Hōputu: Pukapuka
Reo:Pāniora
I whakaputaina: Madrid, España International Thomson 2003
Rangatū:Instalaciones Electrotécnicas
Ngā marau:
Ngā Tūtohu: Tāpirihia he Tūtohu
Kāore He Tūtohu, Me noho koe te mea tuatahi ki te tūtohu i tēnei pūkete!

MARC

LEADER 00000nam a2200000 a 4500
001 UCI5027
003 CL-VaPUC
005 20210513001346.0
008 080311e20030000SP |||||||||||||||||spa|d
999 |c 328791  |d 328789 
020 |a 8497322290 
040 |c Pontificia Universidad Católica de Valparaíso 
082 0 4 |a 621.319 TRA 2003  |2 21 
100 0 |a Trashorras Montecelos, Jesús  |9 527079 
245 1 0 |a Desarrollo de instalaciones eléctricas de distribución: adaptado al nuevo RBT, BOE 2002 
260 0 3 |a Madrid, España  |b International Thomson  |c 2003 
300 |a 267 páginas 
490 0 |a Instalaciones Electrotécnicas 
583 |a last modification  |c 20080311 00:00:00  |k Rodrigo Vera 
650 0 |a Distribución de energía eléctrica   |9 260221 
650 0 |a Transformadores  |9 345471 
650 0 |a Energía eléctrica  |9 256678 
650 0 |a Control de calidad   |9 259714 
942 |c BK  |2 ddc 
945 |d 20080311 00:00:00  |a cmena